[Event "Peiraikos 60th Anniv op"]
[Site "Piraeus"]
[Date "2006.09.06"]
[Round "5"]
[White "Sidiropoulos, Nikolaos"]
[Black "Giovanoudis, Antonios"]
[Result "0-1"]
[WhiteElo "1010"]
[BlackElo "1000"]
[PlyCount "94"]
[EventDate "2006.09.02"]
[EventType "swiss"]
[EventRounds "7"]
[EventCountry "GRE"]
[SourceTitle "EXT 2008"]
[Source "ChessBase"]
[SourceDate "2007.11.25"]
[SourceVersion "1"]
[SourceVersionDate "2007.11.25"]
[SourceQuality "1"]

1. e4 e5 2. Nf3 d6 3. Nc3 Nf6 4. Bc4 Be7 5. 0-0 0-0 6. d3 Bg4 7. h3 Bh5 8. Nd5 Nbd7 9. Nxe7+ Qxe7 10. Bg5 a6 11. Bd5 c6 12. Bb3 h6 13. Bh4 g5 14. Bg3 Nc5 15. Bh2 Nxb3 16. axb3 Rfd8 17. g4 Nxg4 18. hxg4 Bxg4 19. c4 Qf6 20. Kg2 h5 21. Kg3 Qe7 22. Qd2 f6 23. Ne1 Qd7 24. f3 h4+ 25. Kf2 Be6 26. d4 Qf7 27. Rd1 b5 28. dxe5 dxe5 29. Qxd8+ Rxd8 30. Rxd8+ Kg7 31. Rd6 bxc4 32. Rxc6 cxb3 33. Rxa6 Bc4 34. Ra3 Bxf1 35. Kxf1 Kg6 36. Nd3 Qc4 37. Ke2 Qc2+ 38. Ke3 Qxh2 39. Rxb3 Qg3 40. Rc3 g4 41. Rc8 Qxf3+ 42. Kd2 Qxe4 43. Rg8+ Kh7 44. Rb8 h3 45. Rb4 Qg2+ 46. Kc3 h2 47. Ne1 Qg3+ 0-1